[Event "CZE-chT2B 1314"]
[Site "Czech Republic"]
[Date "2013.11.17"]
[Round "2.8"]
[White "Bazantova, Marie"]
[Black "Volak, Jan"]
[Result "1-0"]
[WhiteElo "1963"]
[BlackElo "1890"]
[PlyCount "45"]
[EventDate "2013.11.03"]
[EventType "team-tourn"]
[EventRounds "11"]
[EventCountry "CZE"]
[SourceTitle "EXT 2015"]
[Source "ChessBase"]
[SourceDate "2014.11.20"]
[SourceVersion "1"]
[SourceVersionDate "2014.11.20"]
[SourceQuality "1"]
[WhiteTeam "Usti nad Labem"]
[BlackTeam "Most Chess"]
[WhiteTeamCountry "CZE"]
[BlackTeamCountry "CZE"]

1. e4 c5 2. c3 g6 3. d4 cxd4 4. cxd4 Bg7 5. Nc3 a6 6. Nf3 e6 7. Bg5 f6 8. Bf4 Ne7 9. Bd3 0-0 10. 0-0 b5 11. Bd6 Bb7 12. a4 bxa4 13. Nxa4 a5 14. Nc5 Bc8 15. b4 Re8 16. Rxa5 Rxa5 17. bxa5 Nbc6 18. a6 Qb6 19. Qa4 Qa7 20. Rb1 f5 21. e5 Nd5 22. Qa3 h6 23. Bb5 1-0

[Event "CZE-chT2b 0506"]
[Site "Czech Republic"]
[Date "2006.04.09"]
[Round "11.8"]
[White "Chmelik, Jiri"]
[Black "Volak, Jan"]
[Result "1-0"]
[WhiteElo "2043"]
[BlackElo "1966"]
[PlyCount "67"]
[EventDate "2005.10.16"]
[EventType "team"]
[EventRounds "11"]
[EventCountry "CZE"]
[SourceTitle "EXT 2009"]
[Source "ChessBase"]
[SourceDate "2008.11.26"]
[SourceVersion "1"]
[SourceVersionDate "2008.11.26"]
[SourceQuality "1"]

1. c4 g6 2. d4 Bg7 3. e4 c5 4. d5 d6 5. Nf3 Bg4 6. Be2 Nf6 7. Nc3 0-0 8. 0-0 a6 9. a4 Qc7 10. Bf4 Nh5 11. Bd2 Nd7 12. Ng5 Bxe2 13. Qxe2 h6 14. Nf3 Kh7 15. Ne1 e5 16. Nd3 Rae8 17. a5 Qd8 18. g3 Nhf6 19. Na4 Qc7 20. Rfc1 Rc8 21. b4 Ne8 22. bxc5 Nxc5 23. Naxc5 dxc5 24. Rab1 Nd6 25. Rb6 f5 26. exf5 Nxf5 27. Qg4 Qf7 28. Rcb1 Rc7 29. Qe4 Nd4 30. f4 exf4 31. Nxf4 Re7 32. Qd3 Re2 33. Rf1 Kg8 34. Rxg6 1-0

[Event "CZE-chT2b 0506"]
[Site "Czech Republic"]
[Date "2006.03.26"]
[Round "10"]
[White "Krajic, Karel"]
[Black "Volak, Jan"]
[Result "1-0"]
[WhiteElo "1965"]
[BlackElo "1966"]
[PlyCount "123"]
[EventDate "2005.10.16"]
[EventType "team"]
[EventRounds "11"]
[EventCountry "CZE"]
[SourceTitle "EXT 2009"]
[Source "ChessBase"]
[SourceDate "2008.11.26"]
[SourceVersion "1"]
[SourceVersionDate "2008.11.26"]
[SourceQuality "1"]

1. Nf3 d5 2. g3 c5 3. Bg2 Nc6 4. c4 d4 5. d3 e5 6. 0-0 f6 7. a3 Be6 8. Nbd2 Nh6 9. Ne1 Qd7 10. Qa4 Be7 11. Nc2 Nf7 12. b4 0-0 13. Nb3 cxb4 14. axb4 Bh3 15. Ba3 Bxg2 16. Kxg2 b6 17. b5 Ncd8 18. Bxe7 Qxe7 19. Nb4 Ne6 20. Nd5 Qd7 21. h4 f5 22. Qb4 Nd6 23. f4 exf4 24. Nxf4 Rae8 25. Ra2 Qb7+ 26. Kh2 Nf7 27. Nxe6 Rxe6 28. Nxd4 Rf6 29. Nc6 a5 30. Ne7+ Kh8 31. Ng6+ hxg6 32. Qxf8+ Kh7 33. Qe8 Qc7 34. Qe3 Ne5 35. Qf4 Ng4+ 36. Kh3 Qc5 37. Raa1 Re6 38. e4 Nh6 39. Rae1 fxe4 40. Rxe4 Rf6 41. Qc1 Rd6 42. Qc3 Nf5 43. g4 Nd4 44. Rf7 Qb4 45. Qxb4 axb4 46. Rf2 b3 47. Rb2 Ne6 48. Rxe6 Rxe6 49. Rxb3 Re3+ 50. Kg2 g5 51. h5 g6 52. hxg6+ Kxg6 53. Kf2 Rh3 54. c5 bxc5 55. b6 Rh8 56. b7 Rb8 57. Rb6+ Kf7 58. Ke3 Ke7 59. Ke4 Kd7 60. Kd5 c4 61. dxc4 Kc7 62. c5 1-0

[Event "CZE-chT2b 0506"]
[Site "Czech Republic"]
[Date "2006.03.12"]
[Round "9.8"]
[White "Fric, Pavel"]
[Black "Volak, Jan"]
[Result "0-1"]
[WhiteElo "1915"]
[BlackElo "1966"]
[PlyCount "92"]
[EventDate "2005.10.16"]
[EventType "team"]
[EventRounds "11"]
[EventCountry "CZE"]
[SourceTitle "EXT 2009"]
[Source "ChessBase"]
[SourceDate "2008.11.26"]
[SourceVersion "1"]
[SourceVersionDate "2008.11.26"]
[SourceQuality "1"]

1. e4 c5 2. Nf3 Nc6 3. Nc3 g6 4. d4 cxd4 5. Nxd4 Bg7 6. Be3 Nf6 7. f3 0-0 8. Bc4 a6 9. Qd2 Qc7 10. Bb3 Na5 11. 0-0-0 b5 12. Kb1 Nc4 13. Qe2 Bb7 14. Ndxb5 axb5 15. Nxb5 Qa5 16. Qxc4 Ba6 17. a4 Rab8 18. Qc3 Qd8 19. Nd4 Rc8 20. Qd2 d6 21. h4 Bc4 22. g4 Bxb3 23. cxb3 Qc7 24. Rc1 Qb7 25. Rxc8 Rxc8 26. Nb5 Nxe4 27. Qd3 Nc5 28. Bxc5 Rxc5 29. h5 Qc6 30. hxg6 hxg6 31. Rh2 Rc1+ 32. Ka2 Qc5 33. Re2 Qg1 34. Ka3 Bf8 35. Rc2 Ra1+ 36. Kb4 Rd1 37. Qe4 d5 38. Qe5 Qb6 39. Qc7 e5+ 40. Rc5 Bxc5+ 41. Qxc5 Rd4+ 42. Qxd4 exd4 43. a5 Qb7 44. a6 Qxa6 45. Nxd4 Qb6+ 46. Kc3 Kf8 0-1

[Event "CZE-chT2b 0506"]
[Site "Czech Republic"]
[Date "2006.02.26"]
[Round "8"]
[White "Volak, Jan"]
[Black "Kurka, Frantisek"]
[Result "1/2-1/2"]
[WhiteElo "1966"]
[BlackElo "2165"]
[PlyCount "30"]
[EventDate "2005.10.16"]
[EventType "team"]
[EventRounds "11"]
[EventCountry "CZE"]
[SourceTitle "EXT 2009"]
[Source "ChessBase"]
[SourceDate "2008.11.26"]
[SourceVersion "1"]
[SourceVersionDate "2008.11.26"]
[SourceQuality "1"]

1. e4 c6 2. d4 d5 3. Nc3 dxe4 4. Nxe4 Nd7 5. Nf3 Ngf6 6. Nxf6+ Nxf6 7. Be2 e6 8. 0-0 Be7 9. c3 0-0 10. Qc2 b6 11. Bg5 Bb7 12. Rad1 Qc7 13. Rfe1 Rfd8 14. Bd3 h6 15. Bh4 Rac8 1/2-1/2

[Event "CZE-chT2b 0506"]
[Site "Czech Republic"]
[Date "2005.11.06"]
[Round "2"]
[White "Papay, Jindrich"]
[Black "Volak, Jan"]
[Result "1-0"]
[WhiteElo "2035"]
[BlackElo "1966"]
[PlyCount "73"]
[EventDate "2005.10.16"]
[EventType "team"]
[EventRounds "11"]
[EventCountry "CZE"]
[SourceTitle "EXT 2009"]
[Source "ChessBase"]
[SourceDate "2008.11.26"]
[SourceVersion "1"]
[SourceVersionDate "2008.11.26"]
[SourceQuality "1"]

1. e4 c5 2. c4 Nc6 3. Nf3 g6 4. d4 cxd4 5. Nxd4 Bg7 6. Nc2 Nf6 7. Nc3 d6 8. Be2 0-0 9. Be3 b6 10. 0-0 Bb7 11. f3 Rc8 12. Qd2 Re8 13. Rad1 Qc7 14. b3 Qb8 15. Nd5 Rcd8 16. Bg5 Nxd5 17. exd5 Ne5 18. f4 Nd7 19. f5 Ne5 20. fxg6 hxg6 21. Nd4 Qc7 22. Nb5 Qb8 23. h4 a6 24. Nd4 Qc7 25. h5 Bc8 26. hxg6 Nxg6 27. Nc6 Rd7 28. Bh5 e6 29. Qd3 exd5 30. cxd5 Ne5 31. Qg3 Kf8 32. Rc1 Qb7 33. Rf6 Rc7 34. Bh6 Bxh6 35. Rxh6 Nxc6 36. Qxd6+ Kg8 37. Qf6 1-0